Central Library OPAC University of Rajshahi

A survey of physical theory : (Record no. 52105)

MARC details
000 -LEADER
fixed length control field 00873nam a2200277 a 4500
001 - CONTROL NUMBER
control field 52105
003 - CONTROL NUMBER IDENTIFIER
rucl marc code BD-RjUL
005 - DATE AND TIME OF LATEST TRANSACTION
control field 20211209075744.0
008 - FIXED-LENGTH DATA ELEMENTS--GENERAL INFORMATION
fixed length control field 160906s1960 nyu b 000 0 eng
035 ## - SYSTEM CONTROL NUMBER
System control number (BD-RjUL)52225
040 ## - CATALOGING SOURCE
Original cataloging agency DLC/ICU
Transcribing agency ICU
Modifying agency DLC
Language of cataloging eng
041 1# - LANGUAGE CODE
Language code of text/sound track or separate title engger
082 00 - DEWEY DECIMAL CLASSIFICATION NUMBER
Classification number 530
Edition number 23
Author mark and year PLS 1960
100 1# - MAIN ENTRY--PERSONAL NAME
Personal name Planck, Max,
Dates associated with a name 1858-1947.
9 (RLIN) 155850
245 12 - TITLE STATEMENT
Title A survey of physical theory :
Remainder of title (formerly titled: A survey of physics) /
Statement of responsibility, etc. Translated by R. Jones and D.H. Williams.
260 ## - PUBLICATION, DISTRIBUTION, ETC. (IMPRINT)
Place of publication, distribution, etc. New York :
Name of publisher, distributor, etc. Dover Publications,
Date of publication, distribution, etc. 1960]
300 ## - PHYSICAL DESCRIPTION
Pagination 117 p. ;
Size 21 cm.
500 ## - GENERAL NOTE
General note Translation of Physikalische Rundblicke.
504 ## - BIBLIOGRAPHY, ETC. NOTE
Bibliography, etc Includes bibliography.
650 #0 - SUBJECT ADDED ENTRY--TOPICAL TERM
Topical term or geographic name as entry element Physics.
9 (RLIN) 155851
700 ## - ADDED ENTRY--PERSONAL NAME
Personal name Jones, R.
Personal name Williams, D.H.
942 ## - ADDED ENTRY ELEMENTS (KOHA)
Source of classification or shelving scheme Dewey Decimal Classification
Koha item type Books
Holdings
Lost status Source of classification or shelving scheme Damaged status Not for loan Collection code Permanent Location Current Location Shelving location Date acquired Source of acquisition Cost, normal purchase price Total Checkouts Full call number Date last seen Copy number Koha item type
  Dewey Decimal Classification     Non-fiction Central Library, University of Rajshahi Central Library, University of Rajshahi   16/11/1965 Zeit 9.00   530 PLS 1960 06/09/2016 C-2 Books